Frescos del siglo XIII al XVIII
Saved in:
| Corporate Author: | |
|---|---|
| Format: | Book |
| Language: | Spanish Italian Portuguese English |
| Published: |
Florencia
Scala Group
2012
|
| Subjects: | |
| Tags: |
Add Tag
No Tags, Be the first to tag this record!
|
MARC
| LEADER | 00000cam a2200000 a 4500 | ||
|---|---|---|---|
| 001 | UCF6797 | ||
| 003 | CL-VaPUC | ||
| 008 | 130516e20120000IT |||||||||||||||||spa|d | ||
| 020 | |a 9788866371397 | ||
| 041 | 0 | 7 | |a spa |2 CL-VaPUC |
| 041 | 0 | 7 | |a ita |2 CL-VaPUC |
| 041 | 0 | 7 | |a por |2 CL-VaPUC |
| 041 | 0 | 7 | |a eng |2 CL-VaPUC |
| 082 | 0 | 4 | |a 759.02 |b SCA |2 21 |
| 110 | 2 | |a Scala Group |e author |9 568785 | |
| 245 | 1 | 0 | |a Frescos del siglo XIII al XVIII |
| 246 | 1 | 0 | |a Affreschi dal XIII al XVIII secolo |
| 246 | 1 | 0 | |a Afrescos do século XIII ao século XVIII |
| 246 | 1 | 0 | |a Frescos from the 13º to the 18º century |
| 300 | |a 573 p | ||
| 942 | |c BK | ||
| 945 | |d 20130516 00:00:00 |a dcastane | ||
| 260 | |a Florencia |b Scala Group |c 2012 | ||
| 650 | 7 | |a HISTORIA DE LA PINTURA |2 CL-VaPUC |9 500518 | |
| 650 | 7 | |a PINTURA MEDIEVAL |2 CL-VaPUC |9 265292 | |
| 650 | 0 | |a Pintura barroca |9 266157 | |
| 650 | 7 | |a NEOCLASISISMO |2 CL-VaPUC |9 339587 | |
| 583 | |a last modification |c 20130516 09:57:00 |k Rodrigo Vera | ||
| 999 | |c 351865 |d 351863 | ||
| 952 | |0 0 |1 0 |4 0 |6 759_020000000000000_SCA_2012 |7 0 |8 X |9 456256 |a BIBHIS |b BIBHIS |d 2019-11-22 |i 4974018 |o 759.02 SCA 2012 |p 4974018 |r 2024-01-30 |w 2019-11-22 |y BK_X |k HIS | ||